Регионална библиотека "Любен Каравелов" - Русе

Немили-недраги (Запис номер 114515)

MARC детайли
000 -Лидер
Контролно поле с фиксирана дължина 01639nam a2200349 c 4500
003 - Код на организацията, давaща контролен номер
Контролно поле BLK
005 - Дата и час на последна редакция
Контролно поле 20230802005209.0
008 - Елементи от данни с фиксирана дължина
fixed length control field 180409b bul|||||r ||||||| ||bul||
010 ## - Наследен системен номер
LC control number KNG00119946000
040 ## - Източник на каталожния запис
Идентификатор на билиотеката - собственик на записа BLK
041 ## - Код за език
Код за езика на текст/звукозапис или на отделно заглавие Български
Код за езика КДБФ Български
080 ## - УДК
Текстов определител УДК Българска литература
УДК код - определител по УДК 821.163.2
УДК определител -32
УДК - код + определител 821.163.2-32
100 ## - Редна дума - Автор
Автор Вазов, Иван Минчов
R(LIN) 242234
139 ## - Редно поле
Редна дума Вазов, Иван Манчов
Авторски знак Вазов, Ив. - В 15
245 10 - Сведения за заглавието
Заглавие Немили-недраги
Подзаглавни данни Повест
Редно поле (дума) Иван Вазов; предг. от Милена Георгиева Цанева.
250 ## - Област на изданието
Сведения за изданието 20. изд.
257 ## - Страна на издаване
Страна на създаване/издаване България
260 ## - Област на издателските данни
Място на издаване, разпространение и проч. София
Име на издателя, разпространителя и проч. Бълг. писател
Година на издаване 1983
300 ## - Физическа характеристика
Страници 128 с.
Размери/Мащаб 20 см
380 ## - Жанр
Жанр Худож. лит.
490 1# - СЕРИИ (Колекции)
Име на серия Библиотека за ученика
500 ## - Общи забележки
Забележка 1. изд. 1961. - В кн. означено 7. изд. - Съдържа и Животописни бележки ; За повестта "Немили-недраги" ; Лит.-ист. справка ; "Немили-недраги" и "Хъшове" ; Из бълг. критика за "Немили-недраги" ; За въздействието на "Немили-недраги" и "Хъшове" ; Спомени ; Библиогр. справка
700 ## - Други автори (авторска отговорност)
Лично име Цанева, Милена Георгиева
9 (RLIN) 363501
852 ## - Местоположение
Форматна сигнатура Цб 121909
856 4# - Електронен адрес и достъп
Електронен формат pdf - файл
856 4# - Електронен адрес и достъп
Електронен формат pdf - файл
999 ## - СИСТЕМНИ КОНТРОЛНИ НОМЕРА
Koha biblionumber 114515
Koha biblioitemnumber 114515
942 ## - АРТИКУЛИ
Вид на библиотечния материал Книги
Скрит в OPAC Не
Koha issues (borrowed), all copies 2
Периодичен библиозапис Да
944 ## - СЪЗДАВАНЕ И РЕДАКЦИЯ на ЗАПИСА
Създаване/Редакция Създаване
Дата на регистрацията/редакция 19.10.2010
Статус, дата на статуса CRON CRON
Служител, извършил регистрацията/редакцията
944 ## - СЪЗДАВАНЕ И РЕДАКЦИЯ на ЗАПИСА
Създаване/Редакция Редакция
Дата на регистрацията/редакция 25.10.2010
Статус, дата на статуса добави в АБ / 18.10.2010
999 ## - СИСТЕМНИ КОНТРОЛНИ НОМЕРА
Koha biblioitemnumber 114515
999 ## - СИСТЕМНИ КОНТРОЛНИ НОМЕРА
Koha biblioitemnumber 114515
Наличности
Код за отписване Код за изгубен артикул Източник на класификационната схема Код за повреда Коз за рестрикции Код за отдаване Артикулен № Име на библиотеката - собственик Име на библиотеката, в която се намира в момента Статус (Текущо местоположение) Дата на вписване в системата Местоположение - отдел Цена в лева Инвентарен номер Систематично азбучна сигнатура Баркод Номер на екземпляра Цена в евро Служебна бележка Служебен тип на артикула
  Не е изгубен Universal Decimal Classification Не е повреден без рестрикции ползва се в читалня 183580 Регионална библиотека "Любен Каравелов" Русе Регионална библиотека "Любен Каравелов" Русе Хранилище 1983-01-01 Хранилище 0.36 379466 Цб 121909 120000379466 1 0.18 Дост: Dp Вид: Д N: стар фонд Дата: 01.01.1983 Книги
Изтеглен Не е изгубен Universal Decimal Classification Не е повреден без рестрикции заемане за дома 183581 Регионална библиотека "Любен Каравелов" Русе Регионална библиотека "Любен Каравелов" Русе Заемна - подръчен фонд 1983-01-01 Заемна - подръчен фонд 0.00 379411 П 886.7-32/В 15 379411 2 0.00 Дост: Pk Вид: Ф N: стар фонд Дата: 01.01.1983 Книги
Изтеглен Не е изгубен   Не е повреден без рестрикции заемане за дома 183582 Регионална библиотека "Любен Каравелов" Русе Регионална библиотека "Любен Каравелов" Русе Заемна - подръчен фонд 2010-10-06 Заемна - подръчен фонд 3.00 120000746357 П 886.7-32/В 15 120000746357 3 1.53 Дост: DA Вид: А N: 21 Дата: 06.10.2010 Дата инв: 15.02.2018 Бележки инв: П2018 Книги
Vip Innovations Ltd, Rousse, Bulgaria 2025